000 00620nam a2200181 i 4500
001 124923
003 ES-MaACL
005 20230906192525.0
007 t|
008 070424s1920 sp ||||1| spa d
245 0 3 _aLa semana de la previsión en San Sebastián
_b: septiembre de 1919.
260 _aMadrid :
_b[s.n.],
_c1920 (
_fSobrinos Sucesores de Minuesa de los Ríos)
300 _a14 p. ;
_c21 cm.
490 1 _aPublicaciones del Instituto Nacional de Previsión ;
_v89
830 0 _aPublicaciones del Instituto Nacional de Previsión ;
_v89
_9181151
852 _aES-MaACL
_jC-12624(4)
999 _c124923
_d124923